000 00332nam a2200121Ia 4500
008 211105s9999 xx 000 0 und d
020 _aVYASA08201
100 _aAkhandananda Saraswathi
245 0 _aMeri Kuch Bhi Nahi Hein Athava Sab Kuch Eswar Ka Hi Hein
250 _a1st
260 _bSatsahitya prakashan trust
_c\N
300 _a32
999 _c9869
_d9869